La rebelión de los genes : (Registro nro. 6822)
[ vista simple ]
| 000 -LEADER | |
|---|---|
| fixed length control field | 01269nam a2200289 a 4500 |
| 003 - CONTROL NUMBER IDENTIFIER | |
| control field | OSt |
| 005 - DATE AND TIME OF LATEST TRANSACTION | |
| control field | 20200907113012.0 |
| 008 - FIXED-LENGTH DATA ELEMENTS--GENERAL INFORMATION | |
| fixed length control field | 971216s1997 ck b 000 0 spa d |
| 020 ## - INTERNATIONAL STANDARD BOOK NUMBER | |
| International Standard Book Number | 9589232388 |
| 040 ## - CATALOGING SOURCE | |
| Original cataloging agency | NYP |
| Transcribing agency | NYP |
| Modifying agency | CO-JMCR |
| -- | DLC |
| 082 04 - DEWEY DECIMAL CLASSIFICATION NUMBER | |
| Classification number | 980.033 / |
| Item number | Z35r |
| Edition number | 23 |
| 100 1# - MAIN ENTRY--PERSONAL NAME | |
| Personal name | Zapata Olivella, Manuel. |
| Relator term | autor |
| 9 (RLIN) | 889 |
| 245 13 - TITLE STATEMENT | |
| Title | La rebelión de los genes : |
| Remainder of title | el mestizaje americano en la sociedad futura / |
| Statement of responsibility, etc. | Manuel Zapata Olivella. |
| 250 ## - EDITION STATEMENT | |
| Edition statement | Primera edición |
| 260 ## - PUBLICATION, DISTRIBUTION, ETC. | |
| Place of publication, distribution, etc. | Bogotá, Colombia : |
| Name of publisher, distributor, etc. | Altamir, |
| Date of publication, distribution, etc. | 1997. |
| 300 ## - PHYSICAL DESCRIPTION | |
| Extent | 368 páginas |
| Dimensions | 21 cm. |
| 490 1# - SERIES STATEMENT | |
| Series statement | Ensayo |
| 504 ## - BIBLIOGRAPHY, ETC. NOTE | |
| Bibliography, etc. note | Includes bibliographical references. |
| 505 0# - FORMATTED CONTENTS NOTE | |
| Formatted contents note | Amerindios y africanos: del mito de la constitución. -- La más vieja raíz de la humanidad. -- América desalineada y alineadora. -- La España colonizadora. -- La trietnicidad latinoamericana . |
| 520 0# - SUMMARY, ETC. | |
| Summary, etc. | Si en otras épocas el mestizaje fue un estigma de "impureza" ante opresores de todas las calañas (que mal podían reclamar "pureza de sangre"). |
| 650 24 - SUBJECT ADDED ENTRY--TOPICAL TERM | |
| Topical term or geographic name entry element | Mestizaje |
| Geographic subdivision | Colombia. |
| 9 (RLIN) | 9889 |
| 650 24 - SUBJECT ADDED ENTRY--TOPICAL TERM | |
| Topical term or geographic name entry element | Relaciones raciales |
| Geographic subdivision | Latinoamérica |
| 9 (RLIN) | 9890 |
| 650 #0 - SUBJECT ADDED ENTRY--TOPICAL TERM | |
| Topical term or geographic name entry element | Civilización |
| Geographic subdivision | Colombia. |
| 9 (RLIN) | 9891 |
| 650 #0 - SUBJECT ADDED ENTRY--TOPICAL TERM | |
| Topical term or geographic name entry element | Etnología |
| Geographic subdivision | Latin America. |
| 9 (RLIN) | 9892 |
| 830 #0 - SERIES ADDED ENTRY--UNIFORM TITLE | |
| Uniform title | Ensayo (Altamir Ediciones) |
| 9 (RLIN) | 9893 |
| 942 ## - ADDED ENTRY ELEMENTS (KOHA) | |
| Source of classification or shelving scheme | Dewey Decimal Classification |
| Koha item type | Books |
| Withdrawn status | Lost status | Source of classification or shelving scheme | Damaged status | Not for loan | Home library | Current library | Shelving location | Date acquired | Source of acquisition | Total Checkouts | Full call number | Barcode | Date last seen | Copy number | Price effective from | Koha item type |
|---|---|---|---|---|---|---|---|---|---|---|---|---|---|---|---|---|
| Dewey Decimal Classification | Biblioteca Pública José María del Castillo y Rada | Biblioteca Pública José María del Castillo y Rada | General Stacks | 04/15/2018 | Donación | 980.033 / Z35r | 201809825 | 05/16/2024 | Ej.1 | 04/15/2018 | Books |